Loading...
| History - World | 1 | 4 | 2 | 2 | 45 | 74 | 112.00 | 0 | 2 | 0.00 | 0.00 |
| Current Events | 2 | 1 | 1 | 0 | 35 | 48 | 61.67 | 0 | 2 | 0.00 | 0.00 |
| Geography | 1 | 2 | 0 | 0 | 35 | 38 | 78.00 | 2 | 3 | 0.00 | 0.00 |
| History - American | 1 | 2 | 0 | 0 | 35 | 72 | 88.33 | 1 | 1 | 0.00 | 0.00 |
| History - European | 1 | 3 | 2 | 1 | 35 | 73 | 78.00 | 0 | 2 | 0.00 | 0.00 |
| Philosophy | 0 | 3 | 0 | 1 | 30 | 91 | 124.67 | 0 | 0 | 0.00 | 0.00 |
| Science - Chemistry | 0 | 2 | 0 | 0 | 20 | 126 | 127.00 | 0 | 0 | 0.00 | 0.00 |
| Literature - Drama | 0 | 1 | 0 | 0 | 10 | 166 | 166.00 | 0 | 0 | 0.00 | 0.00 |
| History - Other | 0 | 1 | 0 | 0 | 10 | 92 | 92.00 | 0 | 0 | 0.00 | 0.00 |
| Fine Arts - Painting and Sculpture | 0 | 1 | 0 | 0 | 10 | 104 | 104.00 | 0 | 0 | 0.00 | 0.00 |
| Other Academic | 0 | 1 | 0 | 0 | 10 | 98 | 98.00 | 0 | 0 | 0.00 | 0.00 |
| Religion | 0 | 1 | 0 | 0 | 10 | 90 | 90.00 | 1 | 1 | 0.00 | 0.00 |
| Literature - Poetry | 0 | 1 | 0 | 1 | 10 | 170 | 170.00 | 0 | 0 | 0.00 | 0.00 |
| Social Science | 0 | 2 | 3 | 0 | 5 | 131 | 136.50 | 0 | 0 | 0.00 | 0.00 |
| Mythology | 0 | 1 | 1 | 1 | 5 | 119 | 119.00 | 0 | 1 | 0.00 | 0.00 |
| Literature - Long Fiction | 0 | 0 | 0 | 0 | 0 | 0.00 | 0 | 0 | 0.00 | 0.00 |